000 00328nam a2200133Ia 4500
008 240624s9999 xx 000 0 und d
041 _aeng
082 _a808.85 IYE
100 _aIYER VIJAYALAKSHMI
245 _aWORLD S GREAT SPEECHES
260 _c2007
_aDelhi
_bGnosis
300 _aix, : 201 : p. : cm. ; 21
365 _cRS
_b20
999 _c8069
_d8069